00510nam a2200205Ia 4500003000900000008004100009040001300050040001300063041000800076100002200084245008900106250001000195260001600205260000900221300001100230300001200241490002000253490000700273700002400280IT-RoPAU120407s9999 xx 000 0 und d aIT-RoPAU cIT-RoPAU aita aMario Dell’Arco aPoesia dialettale del Novecento . A cura dI Mario Dell’Arco e Pier Paolo Pasolini aParma aUgo Guanda  c1952 a412 p. c23,5 cm a Collez. FENICE v21 aPier Paolo Pasolini